Jóvenes: una evaluación del conocimiento. La Investigación sobre juventud en México 1986-1999 /

Na minha lista:
Detalhes bibliográficos
Autor principal: Pérez Islas, José Antonio
Autores Corporativos: Instituto Mexicano de la Juventud, Centro de Investigación y Estudios sobre Juventud
Formato: Desconhecido
Publicado em: México, D.F.: IMJ
Assuntos:
Tags: Adicionar Tag
Sem tags, seja o primeiro a adicionar uma tag!

MARC

LEADER 00000 a2200000 04500
001 26767
003
008 991231s d
040
020 |a 968--5224-03-X  
022 |a 968--5224-03-X  
090 |a 149622  
100 |a Pérez Islas, José Antonio  
110 |a Instituto Mexicano de la Juventud  
245 |a Jóvenes: una evaluación del conocimiento. La Investigación sobre juventud en México 1986-1999 /  |c Instituto Mexicano de la Juventud  
260 |a México, D.F.:   |b IMJ  
300 |a 634 p. en II tomos  
650 |a JUVENTUD  
650 |a BIBLIOGRAFIAS  
650 |a EDUCACION  
650 |a EMPLEO  
650 |a CULTURA  
650 |a RELIGION  
650 |a SEXUALIDAD  
650 |a DROGAS DE USO INDEBIDO  
710 |a Centro de Investigación y Estudios sobre Juventud  
999 |c 11825  |d 11825